[Event "Skien-ch U20"]
[Site "Skien"]
[Date "2019.11.09"]
[Round "3"]
[White "Ostensen, Nicolai Maxime"]
[Black "Salte, Hakon"]
[Result "1-0"]
[WhiteElo "1691"]
[BlackElo "1285"]
[PlyCount "55"]
[EventDate "2019.11.08"]
[EventType "swiss"]
[EventRounds "7"]
[EventCountry "NOR"]
[SourceTitle "CBM 193 Extra"]
[Source "ChessBase"]
[SourceDate "2020.01.31"]
[SourceVersion "1"]
[SourceVersionDate "2020.01.31"]
[SourceQuality "1"]

1. e4 g6 2. Nc3 d6 3. Nf3 Nf6 4. d3 Bg7 5. g3 Nc6 6. Bg2 0-0 7. 0-0 e5 8. Nh4 Qe7 9. Bg5 Be6 10. Qc1 Qd7 11. f4 exf4 12. Bxf4 Bh3 13. Bg5 Bxg2 14. Kxg2 Nh5 15. Bh6 Nd4 16. Bxg7 Kxg7 17. Nf3 Ne6 18. Qe3 c6 19. Rae1 b5 20. a3 a5 21. Na2 Rab8 22. c3 Rfe8 23. Ng5 f5 24. exf5 Nef4+ 25. gxf4 Rxe3 26. Rxe3 Qxf5 27. Re7+ Kf6 28. Rf7# 1-0